Score 0/20 Timer 03:00
1 Play Today
Australian Movie Missing Word % Correct
Crocodile ____Dundee
97.5%
Mad ____Max
88.6%
____: Pig in the CityBabe
85.5%
____ FeetHappy
82%
Muriel's ____Wedding
66%
____ Smoke!Holy
57.1%
____, Queen of the DesertPriscilla
50%
Strictly ____Ballroom
48%
Romper ____Stomper
33.4%
Picnic at ____ RockHanging
32.7%
Australian Movie Missing Word % Correct
Dead ____Calm
30%
Oscar and ____Lucinda
15.3%
The ____ WaveLast
9.9%
____ HandsTwo
9.3%
____ FishLittle
9.3%
____ and MaxMary
7.6%
____ CanoesTen
7.5%
Where the ____ Ants DreamGreen
6.1%
Paradise ____Road
5.4%
Dirty ____Deeds
4.8%

Today's Daily Dose

Remove Ads.
Support Sporcle.
Get the best of Sporcle when you Go Orange. This ad-free experience offers more features, more stats, and more fun while also helping to support Sporcle. Thank you for becoming a member.

You're not logged in!

Compare scores with friends on all Sporcle quizzes.
OR
Log In

Show Comments

Extras

Top Quizzes Today


Score Distribution

Your Account Isn't Verified!

In order to create a playlist on Sporcle, you need to verify the email address you used during registration. Go to your Sporcle Settings to finish the process.

Report this User

Report this user for behavior that violates our Community Guidelines.

Details: